000 02055cam a22004694i 4500
003 PE-LiUPU
005 20250731173123.0
008 150623s r 000 0 d
020 _a0828003718
035 _a(Sirsi) i9780828003711
040 _aPE-LiUPU
_bspa
_cPE-LiUPU
_erda
049 _aPRUA
082 0 4 _a224.5 066
_bK42
_221
100 1 _aKeough, George Arthur,
_d1909-,
_eautor.
245 1 0 _aLet Daniel speak /
_cGeorge Arthur Keough.
250 _b
264 1 _aWashington, DC :
_bReview and Herald Publishing Association,
_c1986.
300 _a141 páginas ;
_c20centímetros
336 _atext
_2rdacontent
337 _aunmediated
_2rdamedia
338 _avolume
_2rdacarrier
504 _aIncluye bibliografía.
505 0 _aProphecy: God Communicates with men through prophets. Babylonian exile: God disciplines his people. The goal of history: God's eternal kingdom. A lesson from history: our God is able. A king is humbled: The measure of true greatness. Handwriting on the wall: consequences of persistent wrongdoing. A den of lions: safety in rightdoing. Worldly powers and a heavenly court. Prophetic update: a matter of time. Daniel prays: God adds further light. A vision of Christ: activity behind the scenes. Prophecy without symbols. "Then the end will come.
526 _aSEG42
526 _aSEG41
526 _aSEG40
526 _aSEG39
526 _aP94
526 _aP87
526 _aP86
526 _aP85
526 _aP77
526 _aP76
526 _aP35
630 _aBiblia.
_pA.T.
_pDaniel
_xCrítica, interpretación, etc.
942 _2ddc
_cBOOK
949 _a224.5 066 K42
_wDEWEY
_c1
_i51021
_lCCODEBUL1
_mBUL
_p10.00
_r0
_sY
_tBOOK
_u2015-6-24
_xTEOLOGIA
_PP35
_0COMPRA
_o.STAFF. Colección General
994 _aC0
_bPEPRU
596 _a1
999 _a224.5 066 K42
_wDEWEY
_c32708
_i51021
_f2021-11-11
_g5
_lCCODEBUL1
_mBUL
_p10.00
_r0
_sY
_tBOOK
_u2015-6-24
_xTEOLOGIA
_PP35
_0COMPRA
_o.STAFF. Colección General
_d32708
980 _81
_gALBERTO SANCHEZ Responsable de Automatización